000 00722nam a22002057a 4500
999 _c1439
_d1439
003 AR-CdUCM
008 190227b ||||| |||| 00| 0 spa d
020 _a9786123029807
040 _aMUNICIPALIDAD PROVINCIAL DEL CUSCO
_cBIBLIOTECA MUNICIPAL DEL CUSCO
082 _a398.209 /
_bAR66
100 _aAráoz, Arelí
_95450
245 _aFantástico Machu Picchu :
_bmitos, leyendas, cuentos y tradiciones orales sobre la ciudad inca /
260 _aLima :
_bEdit. San Marcos
_c2013.
300 _a158 páginas ;
_bilustraciones ;
_c20 cm.
650 _aCuentos folclóricos peruanos
_95451
650 _aLeyenda cusqueñas
_95452
650 _aTradición oral
_92031
942 _2ddc
_cLIBROS
945 _araen
_d2019-02-27